BUBT Library Online Catalog

The Customs Act IV of 1969 (Record no. 4065)

000 -LEADER
fixed length control field 00536nam a2200217Ia 4500
003 - CONTROL NUMBER IDENTIFIER
control field BUBTL
008 - FIXED-LENGTH DATA ELEMENTS--GENERAL INFORMATION
fixed length control field 151213s9999 xx 000 0 und d
082 ## - DEWEY DECIMAL CLASSIFICATION NUMBER
Classification number 343.056/RE
100 ## - MAIN ENTRY--PERSONAL NAME
Personal name D L R
9 (RLIN) 3935
245 ## - TITLE STATEMENT
Title The Customs Act IV of 1969
Statement of responsibility, etc. D L R
250 ## - EDITION STATEMENT
Edition statement 1st
260 ## - PUBLICATION, DISTRIBUTION, ETC. (IMPRINT)
Place of publication, distribution, etc. Dhaka
Name of publisher, distributor, etc. D L R
Date of publication, distribution, etc. c 2002
300 ## - PHYSICAL DESCRIPTION
Extent [48] , 580p . :
Other physical details 25 cm.
500 ## - GENERAL NOTE
General note Includes Index
650 ## - SUBJECT ADDED ENTRY--TOPICAL TERM
Topical term or geographic name as entry element Law
9 (RLIN) 3936
650 ## - SUBJECT ADDED ENTRY--TOPICAL TERM
Topical term or geographic name as entry element Law
9 (RLIN) 3936
700 ## - ADDED ENTRY--PERSONAL NAME
Personal name D L R
9 (RLIN) 3935
856 ## - ELECTRONIC LOCATION AND ACCESS
Password 0
Logon 0
Link text Download
942 ## - ADDED ENTRY ELEMENTS (KOHA)
Source of classification or shelving scheme
Koha item type Books
Holdings
Withdrawn status Lost status Source of classification or shelving scheme Damaged status Not for loan Collection code Permanent location Current location Shelving location Date acquired Inventory number Total Checkouts Full call number Barcode Date last seen Copy number Price effective from Koha item type
          Non-fiction Bangladesh University of Business and Technology Library Bangladesh University of Business and Technology Library Law Stacks 02/18/2021 8036   343.056/RE BUBTL-20038036 02/18/2021 C-1 02/18/2021 Books
          Non-fiction Bangladesh University of Business and Technology Library Bangladesh University of Business and Technology Library Law Stacks 02/18/2021 8037   343.056/RE BUBTL-20038037 02/18/2021 C-2 02/18/2021 Books
          Non-fiction Bangladesh University of Business and Technology Library Bangladesh University of Business and Technology Library Law Stacks 02/18/2021 8038   343.056/RE BUBTL-20038038 02/18/2021 C-3 02/18/2021 Books
        Not For Loan   Bangladesh University of Business and Technology Library Bangladesh University of Business and Technology Library Law Stacks 02/18/2021 8039   343.056/RE BUBTL-20038039 02/18/2021 C-4 02/18/2021 Books
        Not For Loan Non-fiction Bangladesh University of Business and Technology Library Bangladesh University of Business and Technology Library Law Stacks 02/18/2021 8040   343.056/RE BUBTL-20038040 02/18/2021 C-5 02/18/2021 Books

More Information About Library

Library Hours

  • Open: 9.00 am. to 9.00 pm.
  • Only Sunday: 9.00 am. to 6.00 pm.
  • Closed: Holiday

Contact to the University

Bangladesh University of Business and Technology Library

  • Mirpurl-2, 1216.
  • Phone:
  • Fax:
  • E-Mail: admin.library@bubt.edu.bd

Contact to the Library

Contact Person:

Md. Abdul Hakim Shah
Joint Librarian
PABX No:  113
Cell No: 01816332931
E-mail: official: admin.library@bubt.edu.bd
Personal: hakim.shah@bubt.edu.bd


BUBT Library

Copyright © 2021